000 00421nam a2200181Ia 4500
003 0STCL
008 150530s9999 xx 000 0 und d
040 _aSTCL
_cSTCL
100 _aKrishna Kumar
245 _aGangandharvan
250 _a1
260 _bSahitya Pravarthaka Co Operative Society ; Kottaya
_c1971
300 _a0
546 _aMalayalam
942 _2ddc
_cBK
999 _c48246
_d48246
005 20220125170739.0